African Footballer of the Year - Statistics

General Stats
  • This quiz has been taken 108 times
    23 since last reset
  • The average score is 19 of 24
Answer Stats
Year Answer Nationality Club % Correct
2003 Eto`o Cameroon RCD Mallorca
100%
2004 Eto`o Cameroon RCD Mallorca / FC Batcelona
100%
2005 Eto`o Cameroon FC Barcelona
100%
2010 Eto`o Cameroon Inter Milan
100%
2019 Mane Senegal Liverpool FC
100%
2022 Mane Senegal Liverpool FC / Bayern Munich
100%
2017 Salah Egypt AS Roma / Liverpool FC
100%
2018 Salah Egypt Liverpool FC
100%
2006 Drogba Ivory Coast Chelsea
95%
2009 Drogba Ivory Coast Chelsea
95%
2025 Hakimi Morocco Paris Saint-Germain
90%
2016 Mahrez Algeria Leicester City
90%
2011 Yaya Toure Ivory Coast Manchester City
90%
2012 Yaya Toure Ivory Coast Manchester City
90%
2013 Yaya Toure Ivory Coast Manchester City
90%
2014 Yaya Toure Ivory Coast Manchester City
90%
2015 Aubameyang Gabon Borssia Dortmund
86%
2024 Lookman Nigeria Atalanta BC
71%
2008 Adebayor Togo Arsenal
67%
2023 Osimhen Nigeria SSC Napoli
67%
2007 Kanoute Mali Sevilla
38%
2001 Diouf Senegal RC Lens
33%
2002 Diouf Senegal RC Lens / Liverpool FC
33%
2000 Mboma Cameroon FC Parma
14%
No matching quizzes found
Score Distribution
Percent of People with Each Score
Percentile by Number Answered
Your Score History
You have not taken this quiz since the last reset